Estudio acerca de la incidencia del nível socioeconómico de los estudiantes de 14 años, en liceos de Enseñanza Media de la Ciudad de Chillán, en su grado de autoestima

Salvato in:
Dettagli Bibliografici
Autore principale: Olivares Romero, Ximena Haydee
Natura: Libro
Pubblicazione: bic. Universidad Adventista de Chile. 1996.
Soggetti:
Tags: Aggiungi Tag
Nessun Tag, puoi essere il primo ad aggiungerne!!

MARC

LEADER 00000nam a22000005a 4500
001 236
003 CL-ChBUA
005 20120815102659.0
008 070301s1996 cl 000 0d|||
040 |a CL-ChBUA  |c CL-ChBUA 
090 |c 236  |d 236 
100 1 |a Olivares Romero, Ximena Haydee. 
245 1 0 |a Estudio acerca de la incidencia del nível socioeconómico de los estudiantes de 14 años, en liceos de Enseñanza Media de la Ciudad de Chillán, en su grado de autoestima 
260 |b Universidad Adventista de Chile.  |a bic.  |c 1996. 
300 |a 77 p.  |c 28 cm. 
500 |a Seminario. 
504 |a Bibl. pp. 74-77; índice. 
650 4 |a ESTUDIANTES - NIVEL SOCIOECONOMICO (LICEOS E. MEDIA (CHILLAN) - AUTOESTIMA. 
942 |c LTS 
945 |a Ricardo Villalobos López.  |c LICENCIADO EN EDUCACION. 
952 |0 0  |1 0  |2 ddc  |4 0  |6 SEM___LIC__ED__OL_48_199600000000000_UNACH_IMPRESO  |7 0  |9 253  |a UNACH  |b UNACH  |c Hemeroteca  |d 2007-03-05  |i 30.520  |l 2  |o Sem. Lic. Ed. / Ol 48 1996 UNACH Impreso.   |p 1252  |r 2023-12-05 00:00:00  |s 2014-01-28  |u 253  |w 2012-08-08  |y LTS  |k Sem. Lic. Ed. / Ol 48 1996 UNACH 
999 |c 236  |d 236